| 000 | 00820nmm a2200253 a 4500 | ||
|---|---|---|---|
| 001 | ocm000713114 | ||
| 003 | TR-IsHL | ||
| 005 | 20201028131058.0 | ||
| 008 | 131010s2012 tu tur | ||
| 007 | cr cn | ||
| 035 |
_a713114 _b(N$T) |
||
| 050 | 0 | 4 |
_aBP166.89 _b.E73 2012 |
| 090 | 0 | 4 |
_aBP166.89 _b.E73 2012 |
| 100 | 1 | _aErbaş, Ali | |
| 245 | 1 | 0 |
_aMelekler alemi: ilahi dinlerde melek inancı _h[electronic resource] / _cAli Erbaş |
| 260 |
_aİstanbul : _bParadoks Kitap, _c2012 |
||
| 300 | _a344 p. | ||
| 650 | 4 | _aFelsefe, Psikoloji ve Din | |
| 650 | 4 | _aPhilosophy, Psychology and Religion | |
| 650 | 0 | _aMelek (İslam) | |
| 650 | 0 | _aAngels (Islam) | |
| 650 | 7 |
_aRELIGION / Islam / Theology _2bisacsh |
|
| 856 | 4 | 0 | _uhttp://search.ebscohost.com/login.aspx?direct=true&scope=site&db=e011xww&AN=713114 |
| 999 |
_c4368 _d4368 |
||